000 00971nab a22002177a 4500
999 _c5837
_d5837
003 OSt
005 20260108011200.0
008 190514b xxu||||| |||| 00| 0 spa d
040 _cPJ
100 _96734
_aGuisado, Paola M.
245 1 3 _aLa imposición del apellido paterno en los casos de reconocimiento tardío del padre o en los casos de determinación judicial de la filiación paterna /
_cPaola M. Guisado, Melisa L. Mirkin.
300 _ap. 35-44
505 _aSumario: I. Introducción.— II. El apellido y la filiación. Breve repaso a través de la historia legislativa.— III. Conclusiones
505 _tSi te interesa el texto, comunicate a koha@justierradelfuego.gov.ar
650 0 _9967
_aDERECHO DE FAMILIA
650 0 _91004
_aFILIACION
650 0 _92540
_aAPELLIDO
700 _96735
_aMirkin, Melisa L.
_ecoautor
773 0 _02844
_93222
_dBuenos Aires : AbeledoPerrot, 1989-
_tDerecho de familia. N° 119 - Mayo 2025
_z18511201
942 _2udc
_cANA